[Event "BL 2016-17"]
[Site "Germany"]
[Date "2017.02.18"]
[Round "7"]
[White "Nikolic, Predrag"]
[Black "Gauglitz, Gernot"]
[Result "1-0"]
[WhiteElo "2607"]
[BlackElo "2394"]
[Annotator "TA"]
[PlyCount "139"]
[EventDate "2017.??.??"]
[EventType "team-tourn"]
[EventCountry "GER"]
[SourceTitle "playchess.com"]
[Source "ChessBase"]
[SourceQuality "1"]
[WhiteTeam "Solingen"]
[BlackTeam "TU Dresden"]

{[%evp 17,139,0,8,8,7,11,16,17,29,-5,35,0,0,0,19,0,20,36,57,20,36,24,93,22,27,23,32,27,36,36,44,34,74,66,99,105,87,61,73,74,68,31,186,181,177,187,159,75,107,91,193,160,185,174,214,164,204,151,150,149,329,364,364,357,354,343,148,148,586,577,2591,2578,2579,2547,2614,2611,2614,2473,2427,1357,1148,1123,1073,1016,787,624,2502,2452,2415,1512,2566,2586,2792,2804,10578,2097,2075,1952,2078,0,2439,1879,10304,10304,9895,1617,6435,4937,5089,2147,9708,10128,9195,9247,7960,6625,4698,5375,2991,3966,29961,29962,29957,29954]} 1. d4 Nf6 2. Nf3 g6 3. g3 d5 4. Bg2 Bg7 5. O-O O-O 6. c4 c6 7. Na3 Bf5 8. Bf4 Be4 9. Qd2 Nbd7 {LiveBook: 3 Games} 10. cxd5 Bxd5 11. Rfd1 Ne4 {The position is equal.} 12. Qc2 Nd6 13. Rac1 Qb6 14. Ne5 Rfd8 15. b3 Bxg2 16. Kxg2 Nxe5 17. dxe5 Nb5 18. Nc4 Qa6 $1 19. Bg5 $36 {[%mdl 2048] White has good play.} Na3 (19... f6 $11 {remains equal.} 20. exf6 exf6) 20. Qe4 (20. Rxd8+ $1 $16 Rxd8 21. Rd1 Rxd1 22. Qxd1) 20... Nxc4 $11 21. bxc4 Qxa2 22. Bxe7 Rd2 23. Kf1 Re8 24. Bd6 a5 25. Rb1 {Rxd2 is the strong threat.} Qc2 26. Qxc2 Rxc2 27. f4 Rxc4 28. Rxb7 f6 {[%cal Rf6e5]} 29. Ra7 a4 $2 (29... fxe5 $14 30. Bxe5 Bxe5 31. fxe5 Rc5) 30. Rb1 $18 fxe5 31. Rbb7 Bh8 32. fxe5 (32. Rxh7 $6 exf4 33. Rh6 Bd4 34. Rxg6+ Kh8 $14) (32. Bxe5 $142 $1 Bxe5 33. fxe5 Rc1+ 34. Kf2) 32... h5 ({And not} 32... Bxe5 33. Bxe5 Rc1+ 34. Kg2 Rf1 35. Rg7+ Kf8 36. Bd6+ Re7 37. Rgxe7 Rg1+ 38. Kxg1 h6 39. Ra8#) 33. Kf2 h4 (33... Rd4 $16) 34. Kf3 hxg3 35. hxg3 Rd4 36. Rc7 g5 37. Rxc6 {aiming for Bc5.} g4+ 38. Kf2 Re4 $2 (38... Rd5 $16 {might work better.}) 39. Rc5 Bg7 {[#]} (39... Bxe5 40. Bxe5 R4xe5 41. Rxe5 Rxe5 42. Rxa4 $18) 40. Rca5 $1 a3 {[#]} ({Stronger than} 40... Bxe5 41. Bxe5 R4xe5 42. Rxe5 Rxe5 43. Rxa4 $18) 41. Ra4 $1 ({Worse is} 41. Bxa3 Bxe5 42. e3 Bd4 43. Rg5+ Kh8 $11) 41... Rxa4 42. Rxa4 a2 $2 {[%mdl 8192]} (42... Bxe5 $16 {is a better chance.} 43. Bxe5 Rxe5 44. Rxg4+ Kf7) 43. Rxa2 Bxe5 44. Bxe5 Rxe5 {[%mdl 4096] Endgame KR-KR} 45. Ra4 Kf7 46. Rxg4 Kf6 47. Rf4+ Kg5 48. Ra4 Rf5+ 49. Ke3 Rf1 50. Ra8 Rb1 51. Kf3 Rb4 52. Ra5+ Kf6 53. g4 Kg6 54. e4 Rb6 55. Kf4 Re6 56. Ra7 (56. e5 $142 Rb6 57. Ra4) 56... Rb6 57. Ke5 Rb5+ 58. Kf4 Rb6 59. Ra8 Re6 60. e5 Rb6 61. Ke4 (61. Rg8+ $142 Kf7 62. Ra8) 61... Rb5 62. Rg8+ Kf7 63. Rg5 {Threatening mate with e6+!} Ke6 64. Rg6+ Kf7 65. Rf6+ Kg7 66. Ra6 Rb7 67. Kf5 Rf7+ 68. Kg5 Re7 69. e6 Rb7 70. Ra5 1-0

[Event "BL 2016-17"]
[Site "Germany"]
[Date "2017.02.18"]
[Round "7"]
[White "Baramidze, David"]
[Black "Fruebing, Stefan"]
[Result "1-0"]
[WhiteElo "2604"]
[BlackElo "2387"]
[Annotator "TA"]
[PlyCount "117"]
[EventDate "2017.??.??"]
[EventType "team-tourn"]
[EventCountry "GER"]
[SourceTitle "playchess.com"]
[Source "ChessBase"]
[SourceQuality "1"]
[WhiteTeam "Hockenheim"]
[BlackTeam "König Tegel"]

{[%evp 28,117,6,7,20,0,0,0,30,21,22,21,40,39,27,17,26,25,19,34,33,43,60,0,0,0,0,0,119,0,0,0,0,0,29,0,0,0,0,0,0,-34,-7,-25,-25,-44,-18,-19,0,0,11,9,229,209,217,214,217,140,129,170,352,352,456,442,441,420,412,393,389,369,550,547,509,454,788,792,786,791,739,664,729,625,777,720,2339,1623,29974,29975,29975,29977,29977,29978]} 1. Nf3 Nf6 2. c4 g6 3. g3 Bg7 4. Bg2 O-O 5. O-O d6 6. Nc3 Nc6 7. d3 e5 8. Rb1 h6 9. b4 a6 10. a4 Be6 11. b5 axb5 12. axb5 Ne7 13. Nd2 Qc8 14. Re1 Bh3 15. Bh1 {LiveBook: 6 Games} Nd7 16. Qb3 Nc5 17. Qb4 {The position is equal.} Qd7 18. Nb3 Nxb3 19. Rxb3 Ra1 20. Bxb7 Rb8 $1 21. Bd5 c5 $1 22. bxc6 $1 Nxc6 23. Qxb8+ $1 Nxb8 24. Rxb8+ Kh7 25. Rb7 (25. Nb5 $1 $14) 25... Qd8 $1 $11 26. Bxf7 ({Don't go for} 26. Rxf7 $2 Qa5 27. Bg2 Qxc3 $19) 26... Qa5 27. Bd2 Rxe1+ 28. Bxe1 e4 $1 29. Bd5 exd3 30. exd3 h5 31. d4 Kh8 32. Rb8+ Kh7 33. Rb1 Bf5 34. Rd1 Qa3 {[%mdl 1024] Black has compensation.} 35. Nb5 Qa4 36. Rd2 Qa1 37. Re2 Qd1 38. Re7 {Threatens to win with h4.} Bh3 39. Nxd6 {[#] Ne8 is the strong threat.} Qd3 $2 (39... Bg4 $1 $11 {and Black stays safe.}) 40. Bg2 $18 Bxg2 41. Kxg2 {aiming for c5.} Kg8 42. d5 {And now Ne4 would win.} Bf8 43. Re8 Kg7 $2 {[#]} (43... h4 {was called for.} 44. gxh4 Kg7) 44. Re3 $1 Qc2 45. Bc3+ Kg8 46. Ne4 Qd1 47. Nf6+ Kf7 48. Rf3 Be7 (48... Ba3 $142 49. Nxh5+ Ke7) 49. Nxh5+ Ke8 50. Nf6+ Bxf6 (50... Kf8 $142 51. Ne4+ Ke8) 51. Bxf6 {[%mdl 4096] Endgame KQ-KRB} ({Weaker is} 51. Rxf6 Qb3 $16) 51... Qc2 52. Rf4 Kd7 53. h4 Qd3 54. Rd4 Qf5 55. Bg5 Qe5 56. Be3 Qd6 57. Rd2 {White mates.} Qb4 58. c5 Qe4+ 59. Kh2 1-0

[Event "BL 2016-17"]
[Site "Germany"]
[Date "2017.02.18"]
[Round "7"]
[White "Socko, Bartosz"]
[Black "Harikrishna, P."]
[Result "1/2-1/2"]
[WhiteElo "2598"]
[BlackElo "2758"]
[Annotator "TA"]
[PlyCount "111"]
[EventDate "2017.??.??"]
[EventType "team-tourn"]
[EventCountry "GER"]
[SourceTitle "playchess.com"]
[Source "ChessBase"]
[SourceQuality "1"]
[WhiteTeam "TU Dresden"]
[BlackTeam "Solingen"]

{[%evp 14,111,26,30,27,19,19,21,28,26,28,12,22,0,23,27,54,52,56,18,15,-7,0,0,27,25,36,25,44,0,50,0,0,0,0,0,0,0,0,-19,0,0,0,0,0,0,0,0,0,0,0,0,0,0,0,0,0,0,0,0,0,0,0,0,0,0,0,0,0,0,0,0,0,0,0,0,0,0,0,0,0,0,0,0,0,0,0,0,0,0,0,0,0,0,0,0,0,0,0,0]} 1. e4 e5 2. Nf3 Nc6 3. Bb5 a6 4. Bxc6 dxc6 5. Nc3 Bg4 6. h3 Bxf3 7. Qxf3 Qd7 8. d3 {LiveBook: 6 Games} f6 9. Bd2 Bd6 10. Qg3 Qf7 11. f4 Ne7 12. O-O Ng6 13. f5 Ne7 14. Qf2 Rg8 15. Kh1 g6 16. Rae1 g5 17. b3 g4 18. Ne2 gxh3 19. gxh3 b6 20. Be3 a5 21. Qh4 O-O-O (21... c5 $11) 22. Rg1 (22. Ng3 $14) 22... c5 $1 $11 {The position is equal.} 23. Rxg8 Rxg8 24. Rg1 Rxg1+ 25. Kxg1 Nc6 26. Bd2 Nd4 27. Nxd4 cxd4 28. Kf2 Kb7 29. Qg4 Bf8 30. h4 {[%cal Bh3h4,Bh4h5,Bh5h6][%mdl 32]} Kc8 31. h5 Kd7 32. Ke2 Ke8 33. Kf2 Kd7 34. Kg3 Bg7 35. h6 Bf8 36. Kh4 Kc6 37. Qh5 Qxh5+ 38. Kxh5 {[%mdl 4096] Endgame KB-KB} Kb5 39. a4+ Kc6 40. Kg4 Ba3 41. Kf3 Kc5 42. Ke2 Bb2 43. Be1 $1 Kd6 $1 44. Bd2 Bc3 {[#] Hoping for ...Bxd2.} 45. Bc1 $1 Bb4 (45... Kc5 $5 46. Ba3+ $8 Bb4 $11) 46. Kd1 Kc6 47. Ke2 b5 48. Kd1 Kb6 49. Ke2 Bf8 50. Kd1 c6 51. Ke2 c5 52. Kd1 Be7 53. Ke2 Bd8 54. Kd1 Kc6 55. Ke2 Bc7 56. Kd1 1/2-1/2

[Event "BL 2016-17"]
[Site "St. Veit/Glan"]
[Date "2017.03.25"]
[Round "7"]
[White "Prohaszka, Peter"]
[Black "Martinovic, Sasa"]
[Result "1/2-1/2"]
[WhiteElo "2594"]
[BlackElo "2553"]
[Annotator "TA"]
[PlyCount "67"]
[EventDate "2017.??.??"]
[EventType "team-tourn"]
[EventCountry "AUT"]
[SourceTitle "playchess.com"]
[Source "ChessBase"]
[SourceQuality "1"]
[WhiteTeam "Wien-SK Ottakring"]
[BlackTeam "Hohenems"]

{[%evp 17,67,14,16,-9,-7,-6,-2,-6,0,-14,0,2,27,25,62,62,77,36,50,0,1,-3,79,48,91,60,56,27,36,0,21,0,0,0,0,0,7,0,36,25,35,0,0,0,0,0,0,0,0,-10,0,0]} 1. d4 Nf6 2. Nf3 e6 3. Bf4 c5 4. e3 Nc6 5. c3 d5 6. Nbd2 cxd4 7. exd4 {D02: 1 d4 d5 2 Nf3 sidelines, including 2...Nf6 3 g3 and 2...Nf6 3 Bf4} Nh5 {[%cal Bf6h5,Bh5g7,Bg7f5][%mdl 32]} 8. Be3 (8. Bg5 f6 9. Be3 Bd6 10. g3 O-O 11. Bg2 f5 12. Ne5 f4 13. Qxh5 fxe3 14. fxe3 Nxe5 15. dxe5 {½-½ (56) Giri,A (2771)-So,W (2794) London 2016}) 8... Bd6 9. Ne5 g6 {LiveBook: 4 Games} 10. Be2 (10. Nd3 $5 {with more complications.} Ng7 11. g3 Nf5 12. Bf4 O-O 13. Bg2) 10... Ng7 $1 11. Nd3 f6 12. f4 Nf5 13. Bf2 h5 14. Nf3 Nce7 $146 (14... Qc7) 15. Qd2 b6 16. O-O-O Qd7 17. Rde1 a5 18. Bh4 Nxh4 19. Nxh4 Qc7 (19... b5 $11) 20. g3 Bd7 21. Kb1 O-O-O 22. Bf1 Rhg8 23. Nf3 Kb8 24. Bh3 Nf5 25. Ka1 Bc8 26. Nf2 Rge8 27. Nd1 Bf8 28. Qd3 Qf7 29. Bxf5 exf5 {The position is equal.} 30. Nf2 Ka7 31. Qd2 Bd6 32. Rxe8 Rxe8 33. Re1 Rg8 34. Nd3 1/2-1/2

[Event "BL 2016-17"]
[Site "St. Veit/Glan"]
[Date "2017.03.25"]
[Round "7"]
[White "Danin, Alexandre"]
[Black "Theuretzbacher, Klaus"]
[Result "1-0"]
[WhiteElo "2584"]
[BlackElo "2249"]
[Annotator "TA"]
[PlyCount "67"]
[EventDate "2017.??.??"]
[EventType "team-tourn"]
[EventCountry "AUT"]
[SourceTitle "playchess.com"]
[Source "ChessBase"]
[SourceQuality "1"]
[WhiteTeam "Feffernitz"]
[BlackTeam "St. Valentin"]

{[%evp 19,67,62,67,36,30,35,33,28,35,32,50,50,47,56,50,26,32,17,50,0,36,25,30,27,50,54,65,44,65,46,140,131,141,135,449,459,451,460,456,451,443,425,699,688,657,649,29992,29993,29993,29994]} 1. e4 d5 2. exd5 Qxd5 3. Nc3 Qd6 4. d4 Nf6 5. Nf3 a6 6. g3 Bg4 7. Bg2 {B01: Scandinavian Defence} c6 8. O-O e6 9. h3 Bxf3 10. Bxf3 Be7 {LiveBook: 3 Games} 11. b3 O-O 12. Bb2 Nbd7 13. Ne2 Rad8 14. c4 $146 (14. Re1 Rfe8 {0-1 (64) Hou,Y (2663)-Megaranto,S (2535) Almaty 2016}) 14... Qb8 15. Qc2 Rfe8 16. Rad1 Bd6 17. Bg2 e5 18. Rfe1 Bb4 19. Rf1 Bd6 20. dxe5 Bxe5 21. Nd4 c5 22. Nf5 g6 {aiming for ...Bxb2.} 23. Ne3 Qc7 24. Rfe1 h5 ({Better is} 24... Re7 $14) 25. Nd5 $16 Nxd5 26. Bxd5 {Qxg6+ would kill now.} ({Resist} 26. Rxd5 $6 Bxb2 27. Rxe8+ Rxe8 $14) 26... Kg7 $2 {[%mdl 8192] [#]} (26... Qb6 $16 27. Bxe5 Nxe5) 27. Rxe5 $1 $18 {[%mdl 512]} Nxe5 28. f4 f6 {next ...Nc6 is good for Black.} 29. fxe5 fxe5 30. Qe4 Re7 (30... Qe7 $142 31. Rf1 Rf8 32. Rxf8 Rxf8 33. Qxe5+ Qxe5 34. Bxe5+ Kh7 35. Bxb7 Rf7) 31. Rf1 Rde8 32. Bc1 Qa5 33. Qe3 {[%csl Gc1][%cal Re3h6]} Rh8 34. Qg5 1-0

[Event "BL 2016-17"]
[Site "St. Veit/Glan"]
[Date "2017.03.25"]
[Round "7"]
[White "Papp, Gabor"]
[Black "Froewis, Georg"]
[Result "1/2-1/2"]
[WhiteElo "2579"]
[BlackElo "2441"]
[Annotator "TA"]
[PlyCount "96"]
[EventDate "2017.??.??"]
[EventType "team-tourn"]
[EventCountry "AUT"]
[SourceTitle "playchess.com"]
[Source "ChessBase"]
[SourceQuality "1"]
[WhiteTeam "Wien-SK Ottakring"]
[BlackTeam "Hohenems"]

{[%evp 4,96,13,8,35,18,18,10,27,27,27,27,25,25,29,21,29,12,17,15,20,5,6,13,16,6,15,8,11,14,19,15,35,5,20,20,31,0,0,0,0,0,20,20,20,27,41,25,29,10,27,10,10,0,4,4,4,4,4,0,0,0,0,0,0,0,0,0,0,0,0,0,0,1,2,0,13,13,13,0,8,8,8,0,7,0,0,0,0,0,0,0,0,0,0]} 1. e4 e6 2. d4 d5 3. Nd2 h6 {C03: French Tarrasch: Unusual Black 3rd moves} (3... c5 4. Ngf3 cxd4 5. Nxd4 Nf6 6. exd5 Nxd5 7. N2f3 Bb4+ 8. Bd2 O-O 9. Bc4 b6 10. c3 Be7 11. Qe2 Bb7 12. O-O Nd7 13. Rfe1 Bf6 14. Rad1 Re8 {½-½ (24) Vallejo Pons,F (2711)-Bluebaum,M (2642) Germany 2017}) 4. Bd3 c5 5. Ngf3 Nf6 6. exd5 exd5 7. O-O c4 8. Re1+ Be7 9. Bf1 O-O 10. c3 $146 (10. b3 cxb3 11. axb3 {0-1 (38) Grigoriants,S (2603)-Piorun,K (2609) Berlin 2015}) 10... b5 11. Ne5 Bb7 12. g3 Nbd7 13. Bg2 Re8 14. a4 a6 15. axb5 axb5 16. Rxa8 Bxa8 (16... Qxa8 $5 {with more complications.} 17. Nxd7 Nxd7 18. Nf1 Bd6 19. Rxe8+ Qxe8 20. Bd2 Qe6) 17. Nf1 Nxe5 18. Rxe5 Bd6 19. Rxe8+ Qxe8 20. Ne3 Bc6 21. Bf3 Bf8 22. h4 Qe6 23. Ng2 Bd6 24. Bf4 Bd7 25. Bxd6 Qxd6 26. Ne3 Be6 27. Qa1 b4 {The position is equal.} 28. Qa5 bxc3 29. bxc3 g6 30. Kg2 Kg7 31. Bd1 Ne4 32. Bc2 Nf6 33. Qa7 Ng4 34. Nf1 Bc8 35. Qa1 Qf6 36. Qe1 {[#] Strongly threatening f3.} ({Don't play} 36. f3 Qe6 37. Bd1 (37. fxg4 Qe2+ 38. Kg1 Qxc2 $17) 37... Ne3+ 38. Nxe3 Qxe3 $17) 36... Qe6 37. Qxe6 Bxe6 $11 {[%mdl 4096] Endgame KBN-KBN} 38. f3 Nf6 39. g4 Ne8 40. Ne3 Kf6 41. Ba4 Nc7 42. f4 Ke7 43. Kg3 Bc8 44. Bc2 Kd6 45. g5 hxg5 46. fxg5 Nb5 47. Nd1 Na3 48. Ne3 Nb5 1/2-1/2

[Event "BL 2016-17"]
[Site "Germany"]
[Date "2017.02.18"]
[Round "7"]
[White "Kraemer, Martin"]
[Black "Tazbir, Marcin"]
[Result "1/2-1/2"]
[WhiteElo "2571"]
[BlackElo "2504"]
[Annotator "TA"]
[PlyCount "67"]
[EventDate "2017.??.??"]
[EventType "team-tourn"]
[EventCountry "GER"]
[SourceTitle "playchess.com"]
[Source "ChessBase"]
[SourceQuality "1"]
[WhiteTeam "SF Berlin"]
[BlackTeam "Griesheim"]

{[%evp 12,67,29,22,33,31,39,37,40,25,47,30,74,40,68,40,52,35,35,26,41,33,37,48,64,62,68,52,78,26,82,95,70,31,37,0,90,82,79,67,73,65,85,90,91,88,106,69,89,52,44,0,0,0,0,-27,-22,-29]} 1. e4 c5 2. Nf3 d6 3. d4 {??.} Nf6 4. Nc3 cxd4 5. Nxd4 Nc6 6. Bg5 e6 7. Qd2 a6 8. O-O-O {Strongly threatening Nxc6.} Bd7 9. f4 Be7 10. Nf3 h6 11. Bh4 b5 12. Bxf6 gxf6 13. Kb1 Qb6 14. Bd3 O-O-O 15. Rhe1 Kb8 16. Ne2 Bc8 17. f5 Ne5 18. Nf4 Rhg8 19. fxe6 fxe6 20. Be2 ({White should play} 20. Bf1 $16) 20... Rde8 (20... Ng6 $11) 21. Nd4 $16 Bd8 22. Qb4 Qc5 23. Qd2 Bc7 (23... Qb6 $11) 24. g3 Nc4 25. Bxc4 bxc4 26. c3 Bd7 {[%cal Bc8d7,Bd7c6,Bc6e4][%mdl 32]} 27. Ng2 h5 28. Ne3 Rc8 29. Rf1 Bd8 30. Ndc2 Be7 31. Na3 (31. Rf4 $14) 31... Bc6 $11 32. Qd4 $1 e5 33. Qxc5 Bxe4+ 34. Ka1 1/2-1/2

[Event "BL 2016-17"]
[Site "St. Veit/Glan"]
[Date "2017.03.25"]
[Round "7"]
[White "Kraemer, Martin"]
[Black "Volokitin, Andrei"]
[Result "1/2-1/2"]
[WhiteElo "2571"]
[BlackElo "2649"]
[Annotator "TA"]
[PlyCount "89"]
[EventDate "2017.??.??"]
[EventType "team-tourn"]
[EventCountry "AUT"]
[SourceTitle "playchess.com"]
[Source "ChessBase"]
[SourceQuality "1"]
[WhiteTeam "Wulkaprodersdorf"]
[BlackTeam "Jenbach"]

{[%evp 28,89,28,28,28,28,32,23,29,29,34,38,30,29,39,0,0,0,0,0,0,0,0,0,0,0,0,0,0,0,0,0,0,0,0,0,0,0,0,0,0,0,0,0,0,-64,0,0,0,0,0,0,0,-39,0,0,0,0,0,0,0,0,0,-146]} 1. d4 Nf6 2. c4 g6 3. Nf3 Bg7 4. Nc3 d5 5. Qb3 dxc4 6. Qxc4 O-O 7. e4 a6 8. Be2 b5 9. Qb3 c5 10. dxc5 Bb7 11. e5 {D97: Grünfeld: Russian System: 7 e4, replies other than 7...Bg4} Nfd7 12. Be3 Nxe5 13. Nxe5 Bxe5 14. Rd1 Qc7 15. Nd5 {LiveBook: 7 Games} Bxd5 16. Qxd5 Nc6 17. Bf3 Rac8 18. Qxc6 $1 Qxc6 19. Bxc6 Rxc6 20. Rd2 $146 f5 21. g3 f4 22. gxf4 Bxf4 23. b4 Bxe3 24. fxe3 $11 {[%mdl 4096] Endgame KRR-KRR} Rf3 25. Ke2 Rh3 26. Kd3 a5 27. a3 Rh4 28. Rb1 (28. bxa5 Rxc5 29. Rb1 Ra4 $17) 28... Ra6 29. Rc2 {[#] Hoping for c6.} axb4 30. axb4 Kf7 31. Rf1+ Ke6 32. Rf4 $1 {[%cal Rf4h4]} Ra3+ 33. Kd4 Rh5 $1 34. Re4+ Kd7 $1 {Threatening ...Rb3.} 35. c6+ Kd6 {[%csl Gd6][%cal Rh5d5] [#]} 36. Rc5 (36. Rxe7 $1 $11 Kxe7 37. c7) 36... Rxc5 ({Reject} 36... Rxh2 $6 37. Rd5+ Kxc6 38. Re6+ Kb7 39. Rxe7+ (39. Rxb5+ Kc8 $14) 39... Kc6 40. Re6+ Kc7 41. Re7+ (41. Rxb5 Rd2+ 42. Ke4 Re2 $11) 41... Kc6 42. Re6+ Kc7 43. Kc5 $14 (43. Rxb5 Rd2+ 44. Ke4 Rd7 $11)) ({Black should try} 36... Rb3 $15 37. Rxh5 Rxb4+ 38. Kd3 Rxe4 39. Rxb5 Re6) 37. bxc5+ Kxc6 $15 {And now ...Ra4+ would win. KR-KR} 38. Re6+ $1 Kd7 39. Rb6 Rb3 40. Ra6 Rb1 41. Ra7+ {The position is equal.} Kc6 {aiming for ...Rd1+.} 42. Ra6+ Kd7 43. Ra7+ Kc6 {...Rd1+ is the strong threat.} 44. Ra6+ Kd7 45. Ke4 (45. Ra7+ $11 Ke6 46. Ra6+ Kf7 47. Ra8) 1/2-1/2

[Event "BL 2016-17"]
[Site "Germany"]
[Date "2017.02.18"]
[Round "7"]
[White "Svane, Rasmus"]
[Black "Dragnev, Valentin"]
[Result "1-0"]
[WhiteElo "2570"]
[BlackElo "2502"]
[Annotator "TA"]
[PlyCount "85"]
[EventDate "2017.??.??"]
[EventType "team-tourn"]
[EventCountry "GER"]
[SourceTitle "playchess.com"]
[Source "ChessBase"]
[SourceQuality "1"]
[WhiteTeam "Hamburger SK"]
[BlackTeam "Bayern München"]

{[%evp 12,85,8,8,17,6,15,6,9,7,4,0,17,7,11,6,11,11,10,0,0,0,8,10,4,-8,-14,-17,-17,-13,0,-10,0,-20,0,-14,-1,-13,-10,-9,12,0,11,-29,30,24,40,4,103,82,84,91,83,77,216,214,296,237,467,461,619,172,479,288,295,232,468,285,302,0,886,827,29980,29981,29981,29979]} 1. c4 Nf6 2. Nc3 e5 {[%cal Be7e5,Be5e4][%mdl 32]} 3. Nf3 Nc6 4. g3 Bb4 5. Bg2 O-O 6. O-O e4 7. Ng5 Bxc3 $1 8. bxc3 Re8 $1 9. f3 exf3 10. Nxf3 Qe7 11. e3 {[%cal Be2e3,Be3e4][%mdl 32]} Ne5 12. Nxe5 Qxe5 13. Rb1 Rb8 14. Rb5 Qe7 15. d3 d6 16. e4 a6 17. Rb2 Bg4 18. Qe1 Nd7 {[%cal Bf6d7,Bd7c5,Bc5a4,Ba4c3][%mdl 32]} 19. h3 Be6 20. g4 b5 21. cxb5 axb5 22. Bf4 Nc5 23. Qe3 Na4 24. Rc2 Qd7 25. Qg3 d5 26. Bxc7 Rbc8 {[#] And now ...dxe4 would win.} 27. Be5 d4 ({Black should try} 27... f6 28. Bd4 dxe4 29. Bxe4 Nxc3 30. Bxc3 b4) 28. Bxd4 $11 Nxc3 29. Bxg7 Kxg7 (29... Qa7+ $1 $11 30. Kh1 Nxe4 31. Bxe4 Rxc2) 30. Qe5+ $16 Kg8 {aiming for ...f6.} 31. Rxc3 Rxc3 32. Qxc3 {Black must now prevent d4.} Bxa2 (32... Rc8 $16 33. Qd2 Qd4+ 34. Kh1 b4) 33. Rf5 $18 Re6 34. Rc5 Qa7 $2 (34... h6 35. Rc7 b4 36. Rc8+ Re8 37. Rxe8+ Qxe8 38. Qxb4 f6) 35. Kh1 {Rc8+ would kill now.} Re8 36. Rxb5 $2 (36. Rg5+ Kf8 37. Qh8+ Ke7 38. Re5+ (38. Qxh7 Be6 39. Qh4 Qa1+ 40. Kh2 Qf6 $18) 38... Be6 {[#]} 39. Rxe6+ $1 {[%mdl 512]} Kxe6 40. Qxe8+ Kf6 41. Qxb5) 36... h6 $2 (36... Qe3 {is tougher.} 37. Qf6 Qxd3 38. Rg5+ Kf8 39. Qh6+ Ke7) 37. g5 h5 38. Rc5 {Strongly threatening g6!} Qd7 $2 (38... Rb8 39. Qe5 Rb1+ 40. Kh2 Qb8 41. Qxb8+ Rxb8) 39. Rc7 Qe6 40. Rc5 $2 (40. d4 $18) 40... Rb8 $2 {[%mdl 8192]} (40... Qd7 $11 41. g6 f6 42. Qxf6 Rf8) 41. Rc6 Qd7 42. Rh6 {[%csl Gc3][%cal Rh6h8]} Rb1+ 43. Kh2 1-0

[Event "BL 2016-17"]
[Site "St. Veit/Glan"]
[Date "2017.03.25"]
[Round "7"]
[White "Naumann, Alexander"]
[Black "Kessler, Luca"]
[Result "1-0"]
[WhiteElo "2568"]
[BlackElo "2454"]
[Annotator "TA"]
[PlyCount "70"]
[EventDate "2017.??.??"]
[EventType "team-tourn"]
[EventCountry "AUT"]
[SourceTitle "playchess.com"]
[Source "ChessBase"]
[SourceQuality "1"]
[WhiteTeam "Maria Saal"]
[BlackTeam "Götzis"]

{[%evp 17,70,-22,18,-55,0,0,7,0,0,0,18,16,31,6,25,14,36,29,64,62,62,59,63,66,67,26,41,47,44,35,30,27,30,34,34,37,37,37,34,24,28,10,7,14,20,0,50,29,39,18,37,42,32,0,0]} 1. e4 e5 2. Nf3 Nc6 3. d4 exd4 4. Nxd4 Nf6 5. Nxc6 bxc6 6. e5 Qe7 7. Qe2 Nd5 8. c4 Ba6 9. Nd2 Nb6 {LiveBook: 18 Games} 10. Qe4 {C45: Scotch Game} (10. b3 $11) (10. b3 g6 11. Ne4 Bg7 12. Nf6+ Bxf6 13. exf6 Qxe2+ 14. Bxe2 c5 15. O-O O-O-O 16. Bg4 h5 17. Bh3 Kb8 {½-½ (30) Fier,A (2572)-Rodshtein,M (2664) Germany 2014}) 10... d5 (10... g6 $15) 11. exd6 $11 cxd6 12. b3 Qxe4+ 13. Nxe4 d5 14. cxd5 Bxf1 15. Rxf1 cxd5 $146 (15... O-O-O 16. Be3 Bb4+ 17. Ke2 Rhe8 {0-1 (50) Roth,J (2190)-Mikhalevski,A (2455) Berlin 1994}) 16. Ng5 f6 (16... Nc8 $5 {is interesting.} 17. Ke2 Bd6 18. Be3 Ne7 19. Rfc1 f6) 17. Ne6 {Hoping for Nc7+.} Kd7 18. Nxf8+ Rhxf8 19. Be3 Rfc8 20. Kd2 Rc6 21. Bd4 Rac8 22. Rac1 a6 23. Bxb6 Rxb6 24. Rxc8 Kxc8 $14 {[%mdl 4096] Endgame KR-KR} 25. Rc1+ Kd7 26. Rc5 Kd6 $1 {[%cal Rd6c5]} 27. Rc8 g5 28. Kc3 h5 29. b4 h4 30. a3 Ke5 31. Re8+ Kf4 32. Kd4 Rc6 33. Re3 g4 $1 34. g3+ Kg5 35. f3 {[#] Black must now prevent gxh4+.} gxf3 {[%mdl 32768] Loss on time?} 1-0

[Event "BL 2016-17"]
[Site "Germany"]
[Date "2017.02.18"]
[Round "7"]
[White "Wagner, Dennis"]
[Black "Muse, Mladen"]
[Result "1-0"]
[WhiteElo "2568"]
[BlackElo "2391"]
[Annotator "TA"]
[PlyCount "119"]
[EventDate "2017.??.??"]
[EventType "team-tourn"]
[EventCountry "GER"]
[SourceTitle "playchess.com"]
[Source "ChessBase"]
[SourceQuality "1"]
[WhiteTeam "Hockenheim"]
[BlackTeam "König Tegel"]

{[%evp 14,119,44,41,41,38,39,30,30,25,22,23,22,15,25,1,37,15,18,15,15,15,12,15,15,15,25,-45,-36,-47,-36,-53,11,22,24,0,0,0,0,-19,-10,-32,0,-36,0,0,16,26,10,0,8,8,0,0,7,0,0,-14,0,0,45,-33,7,8,7,1,7,8,8,6,83,67,78,75,62,62,82,83,76,78,125,125,125,125,127,108,390,382,382,368,412,368,683,682,683,668,618,558,675,674,656,647,609,574,883,1291,1226,1186]} 1. Nf3 Nf6 2. c4 b6 3. g3 Bb7 4. Bg2 e6 5. O-O Be7 6. Nc3 O-O 7. Re1 Ne4 8. Nxe4 {LiveBook: 176 Games} Bxe4 9. d3 Bb7 10. d4 {White is slightly better.} Be4 11. Ne5 Bxg2 12. Kxg2 d6 13. Nf3 d5 14. cxd5 exd5 15. Qc2 c5 16. dxc5 bxc5 17. Rd1 Nc6 18. Qf5 d4 19. Bg5 g6 20. Qf4 (20. Bxe7 $11 Qxe7 21. Qg5) 20... f6 $15 21. Bh6 Re8 22. e3 {[%cal Re3d4]} Bd6 (22... Qd5 $1 $15) 23. Qh4 $1 $11 {[%cal Re3d4]} Be5 24. Rac1 Qd5 25. e4 Qd6 ({But not} 25... Qxa2 $6 26. Rxc5 (26. Nxe5 Nxe5 27. Qxf6 Qf7 28. Qxf7+ Nxf7 $11) 26... Qe6 27. Rdc1 $16 (27. Nxe5 Nxe5 28. Rxd4 g5 29. Bxg5 Ng6 $14)) 26. Qg4 Qe7 27. Nd2 Rad8 28. h4 Bd6 29. Qe2 Ne5 30. Bf4 Kg7 31. Qa6 Nf7 32. Bxd6 Nxd6 33. Re1 Rc8 34. a3 Qc7 35. Qd3 Qb6 36. Rc2 Qb7 {[#]} 37. Kh2 (37. b4 $1 $14 {[%mdl 512]}) 37... Re7 {[#]} 38. b4 $1 {[%mdl 512]} cxb4 {...Rc3 is the strong threat.} 39. Rxc8 Nxc8 40. Rb1 $36 {[%mdl 2048] Black is under pressure.} a5 41. axb4 axb4 (41... a4 $11) 42. Qxd4 Rd7 43. Rxb4 Rxd4 44. Rxb7+ $16 {[%mdl 4096] Endgame KRN-KRN} Kh6 {[#]} 45. Rb2 $1 Nd6 46. f3 Nc4 ({Better is} 46... Nf7) 47. Nxc4 Rxc4 {KR-KR} 48. Rb7 Rc5 49. g4 {Strongly threatening Rf7.} Rc6 $2 {[%mdl 8192]} (49... g5 $16) 50. Kg3 $18 g5 {[#]} 51. h5 $1 Ra6 52. Rf7 Rb6 $2 (52... Ra2 53. Rxf6+ Kg7) 53. Kf2 {White is clearly winning.} Ra6 54. Ke2 Ra2+ 55. Kd1 Ra6 56. Kc2 Rc6+ 57. Kd3 Rd6+ 58. Kc4 Rc6+ 59. Kd5 Ra6 60. Rd7 1-0